000 01247cam a2200337 4500
001 2784
003 BD-RjUL
005 20211208233622.0
008 940401r19381938sz ab 001 0 eng d
035 _a(OCoLC)ocm30067669
035 _a(BD-RjUL)2811
035 _a(NNC)1478816
040 _aPR1
_cPR1
_dZCU
_dBD-RjUL
_beng
041 _aeng
082 _a331.0941
_bRII 1938
100 1 _aRichardson, J. Henry
_q(John Henry),
_d1890-
_97829
245 1 0 _aIndustrial relations in Great Britain /
_cby J. Henry Richardson.
250 _a2nd ed.
260 _aLondon:
_bP. S. King & son, Ltd.,
_c1938 [Impression 1938]
300 _axi, 290 p.
_c24 cm.
490 1 _aStudies and reports. Series A ( Industrial relations) ;
_vno. 36
500 _aAt head of title: International Labour Office ...
504 _aIncludes "Short bibliography" (p. 254-256) and index.
600 _c
_9168031
650 _a Industrial relations
_zGreat Britain.
_9133461
650 _a Arbitration, Industrial
_zGreat Britain.
_9168032
650 _aLabor unions
_zGreat Britain.
_9128285
710 2 _aInternational Labour Organisation.
_98926
830 0 _aStudies and reports. Series A ( Industrial relations) ;
_vno. 36
_9168033
942 _2ddc
_cBK
999 _c2784
_d2784